Modrá krev. II, Od rodu Bubnů po Liechtensteiny /

Uloženo v:
Hlavní autor: Činčerová, Alena, 1954- (Autor)
Další autoři: Jarošová Kinská, Barbora, 1975- (Autor), Sirotková, Adéla, 1980- (Autor), Drocár, Jan, 1951- (Autor), Kinský, František, 1947- (Autor)
Médium: Kniha
Jazyk:Czech
Vydáno: Praha : Česká televize, 2025
Vydání:Vydání první
Edice:Edice České televize
Témata:
Celkem bylo vypůjčeno:0x
Tagy:
Žádné tagy
LEADER 02676cam a2200649 i 4500
001 106304
003 CZ PrNK
005 20260512115924.0
007 ta
008 251218s2025 xr acije 001 0ccze d
015 |a cnb003733375 
020 |a 9788074044007  |q (vázáno) :  |c Kč 499,00 
040 |a JHG001  |b cze  |d BOA001  |e rda 
072 7 |a 929.5/.9  |x Genealogie. Heraldika. Šlechta. Vlajky  |2 Konspekt  |9 8 
072 7 |a 929  |x Biografie  |2 Konspekt  |9 8 
080 |a 929.732  |2 MRF 
080 |a 929.5  |2 MRF 
080 |a 728.8:929.7  |2 MRF 
080 |a 929  |2 MRF 
080 |a (437.3)  |2 MRF 
080 |a (048.8)  |2 MRF 
080 |a (0:82-94)  |2 MRF 
100 1 |a Činčerová, Alena,  |d 1954-  |7 pna2007424621  |4 aut  |9 115080 
245 1 0 |a Modrá krev.  |n II,  |p Od rodu Bubnů po Liechtensteiny /  |c Alena Činčerová, Barbora Jarošová Kinská, Adéla Jandec Sirotková ; rodokmeny sestavil Jan Drocár ; s předmluvou Františka Kinského 
246 3 0 |a Od rodu Bubnů po Liechtensteiny 
250 |a Vydání první 
264 1 |a Praha :  |b Česká televize,  |c 2025 
300 |a 271 stran :  |b ilustrace (převážně barevné), portréty, erby, genealogické tabulky ;  |c 26 cm 
336 |a text  |b txt  |2 rdacontent 
336 |a statický obraz  |b sti  |2 rdacontent 
337 |a bez média  |b n  |2 rdamedia 
338 |a svazek  |b nc  |2 rdacarrier 
490 1 |a Edice ČT 
500 |a V roce 2026 dotisk 
500 |a Obsahuje rejstřík 
650 0 7 |a šlechtické rody  |7 ph127826  |z Česko  |2 czenas 
650 0 7 |a šlechtické rody  |7 ph127826  |x dějiny  |2 czenas 
650 0 7 |a šlechtické rody  |7 ph127826  |x genealogie  |2 czenas 
650 0 7 |a šlechtická sídla  |7 ph127825  |z Česko  |2 czenas 
650 0 9 |a house of nobility  |z Czechia  |2 eczenas 
650 0 9 |a house of nobility  |x history  |2 eczenas 
650 0 9 |a house of nobility  |x genealogy  |2 eczenas 
650 0 9 |a residences of nobility  |z Czechia  |2 eczenas 
655 7 |a přehledy  |7 fd133202  |2 czenas  |9 164 
655 7 |a medailony  |7 fd185951  |2 czenas  |9 54367 
655 9 |a surveys  |2 eczenas 
655 9 |a biographical portraits  |2 eczenas 
700 1 |a Jarošová Kinská, Barbora,  |d 1975-  |7 xx0300021  |4 aut  |9 115081 
700 1 |a Sirotková, Adéla,  |d 1980-  |7 pna2007424620  |4 aut  |9 117337 
700 1 |a Drocár, Jan,  |d 1951-  |7 mzk2010582820  |4 aut  |9 11814 
700 1 |a Kinský, František,  |d 1947-  |7 hka20191058924  |9 115082 
710 2 |a Česká televize  |7 kn20010710705  |4 pbl  |9 117224 
830 0 |a Edice České televize 
910 |a UOG502 
942 |2 ddc  |c KN 
999 |d 106304 
993 |0 0  |1 421180107029  |2 ddc  |4 0  |6 929_500000000000000__9  |7 0  |9 99677  |b 0  |c 107029  |d 2026-05-12  |e 0  |f DOSP  |g 929.5/.9  |h 499.00  |i Koupě  |l DOSP  |r 2026-05-12  |t 5  |w 2026-05-12  |y KN  |z NAUCNA  |n